| 000 | 00948cam a2200229 4500 | ||
|---|---|---|---|
| 001 | ##D2970 | ||
| 008 | 090401t1978 xxu||||| |||| 00| 0 eng d | ||
| 020 | _a0712907564 | ||
| 035 | _a(Sirsi) u71305 | ||
| 041 | 0 | _aeng | |
| 050 | 0 | 4 | _a526.809 $2 18 |
| 100 | 1 | _aCrone, G.R. | |
| 245 | 0 | 0 |
_aMaps and their makers _ban introduction to the history of cartography |
| 250 | _a5th ed. | ||
| 260 |
_aFolkestone _bDawson _c1978 |
||
| 300 |
_aix,152p. _bill _c28cm. |
||
| 350 | _a10 | ||
| 520 | _aTraces the history of cartography from its classical and early medieval origins to contemporary progression. It makes special reference to the innovations of the Catalan world; Fra Mauro and Martin Behaim; the Ptolemy revival; Ortelius and their successors; French reformation, and of the British contribution in 1800. | ||
| 690 | _aENVIRONMENTAL AND LAND CONSULTANCY-GEOMATICS-MAPPING AND POSITIONING-CARTOGRAPHY | ||
| 942 | _n0 | ||
| 948 | _c04/03/1997 | ||
| 999 |
_c95401 _d95401 |
||